000 00421nam a2200169Ia 4500
008 230524s9999 xx 000 0 und d
020 _a8125907815
082 _a658.132
_bGHO
100 _aBiswanath Ghosh
245 0 _aHuman Resources Development and Management
250 _aIST
260 _aNEW DELHI
_bVikas
_c2009
300 _aXIII;343
500 _aQuantity Number: 2
650 _aManagement
942 _cBK
999 _c45597
_d45597